Project management (Record no. 9708)

000 -LEADER
fixed length control field 00244nam a22001217a 4500
040 ## - CATALOGING SOURCE
Transcribing agency HS
082 ## - DEWEY DECIMAL CLASSIFICATION NUMBER
Classification number 658p;
110 ## - MAIN ENTRY--CORPORATE NAME
Corporate name or jurisdiction name as entry element PARTICIP GMBH
245 ## - TITLE STATEMENT
Title Project management
260 ## - PUBLICATION, DISTRIBUTION, ETC. (IMPRINT)
Place of publication Belgium
Name of publisher PARTICIP GMBH
Year of publication 2002
300 ## - PHYSICAL DESCRIPTION
Number of Pages 70p;
942 ## - ADDED ENTRY ELEMENTS (KOHA)
Koha item type សៀវភៅភាសាអង់គ្លេស

No items available.

មជ្ឈមណ្ឌលឯការនៃសាកលវិទ្យាល័យភូមិន្ទកសិកម្មចំការដូង

Powered by Koha